• 首页
  • 本馆介绍
  • 公告通知
  • 最新文献
  • 馆藏检索
  • 电子资源
  • 读者导购
  • 参考咨询
  • 我的图书馆
  • 登录
  • 详细信息显示
  • 放入我的书架
  • 预约/预借图书
  • 作者相关作品
  • 分类相关作品
  • 丛书相关作品
  • 出版社相关作品

书目信息

  • 表格格式
  • 工作单格式
  • 卡片格式
题名:
生态农场纪实
    
 
作者: 蒋高明 著
分册:  
出版信息: 北京   中国科学技术出版社  2017.5
页数: 12,210页
开本: 24cm
丛书名: 生态文明决策者必读丛书
单 册:
中图分类: S-0
科图分类:
主题词: 生态农业--研究--中国
电子资源:
ISBN: 978-7-5046-7422-7
000 00879nam 2200265 450
001 0400001205
005 20171025142132.51
010    @a978-7-5046-7422-7@dCNY46.00
100    @a20170802d2017 em y0chiy50 ea
101 0  @achi
102    @aCN@b110000
105    @aa z 000yy
106    @ar
200 1  @a生态农场纪实@9sheng tai nong chang ji shi@f蒋高明著
205    @a第2版
210    @a北京@c中国科学技术出版社@d2017.5
215    @a12,210页@c彩图(20页)@d24cm
225 1  @a生态文明决策者必读丛书
330    @a本书共6章,包括:为什么要发展生态农业,生态种植:植物要怎么种,生态养殖:动物要怎么样,禽粮-林禽互作,让生态循环起来,生态农场的超值效益等内容。
410  0 @12001 @a生态文明决策者必读丛书
606 0  @a生态农业@x研究@y中国
690    @aS-0@v5
701  0 @a蒋高明@9jiang gao ming@4著
801  0 @aCN@b91MARC@c20171015
905    @b1020414-8@dS-0@f5@e52=2
    
    生态农场纪实/蒋高明著.-第2版.-北京:中国科学技术出版社,2017.5
    12,210页:彩图(20页);24cm.-(生态文明决策者必读丛书)
    
    
    ISBN 978-7-5046-7422-7:CNY46.00
    本书共6章,包括:为什么要发展生态农业,生态种植:植物要怎么种,生态养殖:动物要怎么样,禽粮-林禽互作,让生态循环起来,生态农场的超值效益等内容。
●
相关链接 在E读中查询图书 在五车中查询图书 在当当中查询图书 在豆瓣中查询图书


正题名:生态农场纪实     索取号:S-0/52=2         预约/预借

序号 登录号 条形码 馆藏地/架位号 状态 备注
1 1020414   210204143   第二样本阅览室/ [索取号:S-0/52=2] 在馆    
2 1020415   210204152   密集书库-生命科学系/ [索取号:S-0/52=2] 在馆    
3 1020416   210204161   第三借阅区/ [索取号:S-0/52=2] 在馆    
4 1020417   210204170   第三借阅区/ [索取号:S-0/52=2] 在馆    
5 1020418   210204189   第三借阅区/ [索取号:S-0/52=2] 在馆    
唐山师范学院图书馆 欢迎您!
大连网信软件有限公司© 版权所有